000 01381nam a22004573 4500
001 19957
003 SK-KTurca
005 20251219175405.0
008 230628s2022 xo g d 000 f slo d
020 _a9788022213080
_q(viazané)
035 _aa000728585
040 _aUKB
_bslo
_dUKB
_erda
041 0 _aslo
044 _axo
_cSK
072 7 _a821.162.4-3
_xSlovenská próza
_2konspekt
080 _a821.162.4-31
_22011
080 _a(0:82-311.6)
_22011
080 _a(0:82-312.5)
_22011
080 _a(084.3)
_22011
080 _a(038)
_22011
080 _a(083.8)
_22011
080 _a(0.072)
_22011
100 1 _aŠulajová, Zuzka,
_d1985-
_4aut
245 1 0 _aPrávo krvi a železa
_cZuzka Šulajová
250 _aVydanie I.
264 1 _aBratislava
_bTatran
_c2022
300 _a709 strán
_bmapy
336 _atext
_btxt
_2rdacontent
337 _abez média
_bn
_2rdamedia
338 _azväzok
_bnc
_2rdacarrier
490 1 _aSlovenská tvorba
_v148. zväzok
500 _aObsahuje slovník pojmov
530 _aDostupný aj zvukový záznam
655 7 _aslovenské romány
_2UKBPH
655 7 _ahistorické romány
_2UKBPH
655 7 _aľúbostné romány
_2UKBPH
776 0 _tPrávo krvi a železa
_i[zvukový záznam]
830 0 _aSlovenská tvorba
942 _2ddc
_cKLDO
_n0
980 _aVydavateľstvo Tatran, Klariská 16, 815 82 Bratislava
999 _c19957
_d19957